000 00699nam a2200229 a 4500
008
020 _a0314931996 (pbk.)
049 _aMAIN
090 _aQA76.73.B3
100 1 _aMandell, Steven L.
245 1 0 _aBASIC programming today :
_ba structured approach /
_cSteven L. Mandell.
260 _aSt. Paul :
_bWest Publishing,
_cc1986.
300 _axxv, 485 [78] p.` :
_bcol. ill. ;
_c25 cm.
500 _aIncludes index.
650 0 _aBASIC (Computer program language).
650 0 _aStructured programming.
907 _a.b10043834
_b15-09-03
_c17-04-03
003
005 20230123133212.0
040 _cNUST
942 _cBOOKS
_kQA76.73.B3
999 _c144514
_d144514